000
00301nam a22001337a 4500
008
170310b xxu||||| |||| 00| 0 eng d
020
_a
9780323027533
041
_a
eng
080
_a
616.5
100
_a
7
101
_a
SHM
245
_a
SKIN DISEASE DIAGNOSIS TRETMENT
_c
HABIF.TH.P
942
_2
udc
_c
BK
999
_c
7471
_d
7471